000 00614nam a22001817a 4500
005 20251108175844.0
008 250721s2022 xx 000 0 ara d
082 1 4 _a346.0700285/صوا
100 1 _aصواخرون، خالد
245 1 0 _aالتفاوض الالكتروني :
_bكأحد وسائل فض المنازعات في عقود التجارة الالكترونية /
264 1 _aعمان :
_bدار وائل،
_c2022.
300 _a121ص.
650 1 7 _aالتجارة الالكترونية
650 1 7 _aالعقود
650 1 7 _aالالتزامات
942 _2ddc
_cBK
999 _c144050
_d144050